| 000 | nam a22 a 4500 | ||
|---|---|---|---|
| 999 |
_c379766 _d379766 |
||
| 003 | BLK | ||
| 005 | 20230104151840.0 | ||
| 008 | 200316b bul|||||r ||||||| ||bul|| | ||
| 040 | _aBLK | ||
| 041 |
_aBUL _cBUL |
||
| 080 |
_aПродукти на основната химическа промишленост _b661 _z661 |
||
| 100 |
_aГюнкин, Васил Георгиев _eпърви автор _91299 |
||
| 139 | _aГюнкин, Васил Георгиев | ||
| 245 | 1 | 0 |
_aТехническа безопасност при работа с газове и течности в бутилки _cВасил Георгиев Гюнкин. |
| 257 | _aBGR | ||
| 260 |
_aСофия _bПрофиздат _c1964 [библиогр. каре 1965] |
||
| 300 |
_a68 с. _bс ил. _c18 см |
||
| 380 | _a62 | ||
| 490 |
_aБиблиотека Охрана на труда _v69 _9205342 |
||
| 650 | 4 |
_aХимическа промишленост - Техника на безопасността _9424297 |
|
| 653 | 7 |
_aтехника на безопасността _9198275 |
|
| 852 |
_aЦб І 7384 _bЦб |
||
| 856 |
_i0.00 _ldisable |
||
| 942 |
_cKNG _n0 _s1 |
||
| 944 |
_aCR _c2020-08-06 _kМикаела Микова - Илиева |
||
| 999 | _d379766 | ||
| 999 | _d518534 | ||